000 00423nam a2200169Ia 4500
003 GCL
008 140319s9999 xx 000 0 ara d
040 _aGCL /
_cGCL
082 0 4 _aط
_b793.735
_bم ل
100 1 _aمصطفى عاشور
245 1 0 _aليالى السمر /
_cمصطفى عاشور
300 _a95 ص
490 _a100 قصة
_v0
650 0 4 _aالقصص
650 0 4 _aالالغاز
942 _2ddc
_cBK
999 _c44934
_d44934